000 00887cam a22002657i 4500
001 17884917
003 ARRUPE
005 20150313171528.0
008 130913s2013 rh 000 1 eng
010 _a 2013441218
020 _a9780797493797 ('amaBooks)
020 _a9781780261195 (New Internationalist)
040 _aDLC
_beng
_cDLC
_erda
042 _alcode
050 0 0 _aPR9345.
_bC135 2013
100 _aCaine Prize for African Writing
_915149
245 0 2 _aA memory this size and other stories.
_c/ CANE PRIZE FOR AFRICAN WRITING
260 _aBulawayo
_bamaBooks
_c2013
300 _a320 pages ;
_c20 cm
500 _a"The Caine prize for African writing 2013."
650 _aAfrican literature
_xEnglish
_xCollections
_916392
906 _a7
_bcbc
_corigode
_d4
_encip
_f20
_gy-gencatlg
942 _2lcc
_cMONOGRAPH
999 _c122054
_d122054